书目信息 |
| 题名: |
Maya 4影视设计(附光盘)
|
|
| 作者: | 太阳工作室 , 刘正旭 编著 | |
| 分册: | ||
| 出版信息: | 北京 人民邮电出版社 2001.11 |
|
| 页数: | 327页 | |
| 开本: | 26cm | |
| 丛书名: | ||
| 单 册: | ||
| 中图分类: | TP391.41 | |
| 科图分类: | ||
| 主题词: | 计算机应用 | |
| 电子资源: | ||
| ISBN: | 7-115-09692-9 | |
| 000 | 00674nam0 2200205 45 | |
| 001 | 0232377321 | |
| 005 | 2002051908593687 | |
| 010 | @a7-115-09692-9@dRMB 45.00 | |
| 100 | @a20020519d2001 km y0chiy0120 ea | |
| 101 | 0 | @achi |
| 102 | @aCN@b110000 | |
| 200 | 1 | @aMaya 4影视设计(附光盘)@AMaya 4 Ying Shi She Ji(Fu Guang Pan)@f太阳工作室,刘正旭等编著@FTai Yang Gong Zuo Shi,Liu Zheng Xu Deng Bian Zhu |
| 210 | @a北京@c人民邮电出版社@d2001.11 | |
| 215 | @a327页@d26cm | |
| 606 | 0 | @a计算机应用 |
| 690 | @aTP391.41@v3 | |
| 701 | 0 | @a太阳工作室@ATai Yang Gong Zuo Shi@4编著 |
| 701 | 0 | @a刘正旭@ALiu Zheng Xu@4编著 |
| 801 | 0 | @aCN@bPFT@c20020519 |
| 905 | @a安徽大学@dTP391.41@eT065 | |
| Maya 4影视设计(附光盘)/太阳工作室,刘正旭等编著.-北京:人民邮电出版社,2001.11 |
| 327页;26cm |
| ISBN 7-115-09692-9:RMB 45.00 |
| ● |
| 相关链接 |
|
|
|
正题名:Maya 4影视设计(附光盘)
索取号:TP391.41/T065
 
预约/预借
| 序号 | 登录号 | 条形码 | 馆藏地/架位号 | 状态 | 备注 |
| 1 | 355022 | 203550228 | 期刊室512/301自科库 67排6列4层/ [索取号:TP391.41/T065] | 在馆 | |
| 2 | 355023 | 203550237 | 期刊室512/301自科库 67排6列4层/ [索取号:TP391.41/T065] | 在馆 |